| 000 | 00405nam a2200109Ia 4500 | ||
|---|---|---|---|
| 008 | 160909s9999 xx 000 0 und d | ||
| 100 | _aBall, Charlene L. | ||
| 245 | _aIntercultural dialogue for civic engagement: Perspectives from the multicultural community | ||
| 260 |
_bUniversity of the Pacific _c2016 |
||
| 650 | _aENTREPRENEURSHIP | ||
| 856 | _uhttp://pqdtopen.proquest.com/doc/1786723244.html?FMT=ABS | ||
| 999 |
_c304488 _d304488 |
||